Manual de derecho presupuestario : ordenación jurídica de los presupuestos y del control de la hacienda pública / Miguel Ángel Martínez Lago ordenación jurídica de los presupuestos y del control de la hacienda pública / Miguel Ángel Martínez Lago
ISBN:
84-7879-093-4
Descripción Física:
422 p. ; 24 cm
MARC
| LEADER | 00000nam a2200000Ia 4500 | ||
|---|---|---|---|
| 001 | 17289 | ||
| 008 | 160829s1992 xx 000 0 cat d | ||
| 020 | |a 84-7879-093-4 | ||
| 080 | |a D-3-67 | ||
| 100 | |a Martínez Lago, Miguel Ángel |9 23414 | ||
| 245 | |a Manual de derecho presupuestario : |b ordenación jurídica de los presupuestos y del control de la hacienda pública / Miguel Ángel Martínez Lago | ||
| 260 | |a Madrid : |b Cólex, |c 1992 | ||
| 300 | |a 422 p. ; |c 24 cm | ||
| 590 | |a Bibliografia | ||
| 650 | |a Pressupost |x Espanya |9 23326 | ||
| 650 | 0 | |a Pressupost |z Espanya |x Dret i legislació |9 28902 | |
| 650 | 0 | |a Finances públiques |x Dret i legislació |9 23416 | |
| 901 | |a Arxiu | ||
| 942 | |n 1 | ||
| 952 | |0 1 |1 0 |2 udc |4 0 |5 2 |6 D367 |7 1 |9 42699 |a Arxiu |b Arxiu |d 2016-12-01 |l 0 |o D-3-67 |p 17289 |r 2016-12-01 00:00:00 |w 2016-12-01 |y ARXIU | ||
| 999 | |c 45205 |d 45205 | ||